[Event "Bohumin op-A 6th"]
[Site "Bohumin"]
[Date "2023.07.06"]
[Round "6"]
[White "Kolar, Stanislav"]
[Black "Sramek, Tomas"]
[Result "0-1"]
[WhiteElo "1942"]
[BlackElo "1877"]
[PlyCount "80"]
[EventDate "2023.07.01"]
[EventType "swiss"]
[EventRounds "9"]
[EventCountry "CZE"]
[SourceTitle "CBM 215 Extra"]
[Source "ChessBase"]
[SourceDate "2023.09.30"]
[SourceVersion "1"]
[SourceVersionDate "2023.09.30"]
[SourceQuality "1"]

1. Nf3 c5 2. e3 g6 3. c4 Nf6 4. b3 Bg7 5. Bb2 0-0 6. Be2 b6 7. 0-0 Bb7 8. d3 e6 9. Qc2 d5 10. Nbd2 Nc6 11. Ne5 Nxe5 12. Bxe5 Nd7 13. Bxg7 Kxg7 14. f4 f5 15. Bf3 Nf6 16. Rae1 Rf7 17. g3 Qd6 18. Qb2 Kg8 19. Qe5 Rd8 20. Qxd6 Rxd6 21. cxd5 exd5 22. e4 dxe4 23. Nc4 Rxd3 24. Be2 Rd4 25. Ne5 Rf8 26. h3 Nd7 27. Nc4 Ba6 28. g4 Bxc4 29. Bxc4+ Kg7 30. gxf5 gxf5 31. Rd1 Rf6 32. Kf2 Nf8 33. Ke3 Rfd6 34. Rg1+ Ng6 35. Rc1 Kf6 36. Rg5 Rd2 37. Rh5 R6d3+ 38. Bxd3 Rxd3+ 39. Kf2 Nxf4 40. Rxh7 Rf3+ 0-1

[Event "Moravia-Silesia Region-chT 2223"]
[Site "Czech Republic"]
[Date "2022.11.27"]
[Round "4"]
[White "Chrostek, Lukas"]
[Black "Sramek, Tomas"]
[Result "1/2-1/2"]
[WhiteElo "1865"]
[BlackElo "1947"]
[PlyCount "94"]
[EventDate "2022.10.09"]
[EventType "team-tourn"]
[EventRounds "11"]
[EventCountry "CZE"]
[SourceTitle "EXT 2024"]
[Source "ChessBase"]
[SourceDate "2023.10.10"]
[SourceVersion "1"]
[SourceVersionDate "2023.10.10"]
[SourceQuality "1"]
[WhiteTeam "Ostrava III"]
[BlackTeam "Orlova Slavia III"]
[WhiteTeamCountry "CZE"]
[BlackTeamCountry "CZE"]

1. c4 c5 2. g3 Nc6 3. Bg2 g6 4. d3 Bg7 5. Nc3 d6 6. Nf3 e5 7. 0-0 Nge7 8. Rb1 0-0 9. a3 Rb8 10. b4 b6 11. b5 Nd4 12. e3 Nxf3+ 13. Bxf3 Bb7 14. e4 f5 15. Bd2 f4 16. a4 g5 17. a5 Kh8 18. axb6 axb6 19. Ra1 Ra8 20. Rxa8 Qxa8 21. Qa4 Nf5 22. Ra1 Nd4 23. Bg4 Bf6 24. Nd5 Bxd5 25. exd5 Qe8 26. Qa7 h5 27. Bd1 Qg6 28. Qxb6 fxg3 29. hxg3 h4 30. Qxd6 Rf7 31. Ra8+ Kh7 32. Qb8 hxg3 33. fxg3 Qxd3 34. Qg8+ Kh6 35. Bxg5+ Bxg5 36. Qh8+ Kg6 37. Qh5+ Kf5 38. Qxf7+ Ke4 39. Qg6+ Nf5 40. Qxg5 Qxd1+ 41. Kh2 Qe2+ 42. Kh3 Qf1+ 43. Kh2 Qf2+ 44. Kh3 Qf1+ 45. Kh2 Qf2+ 46. Kh3 Qf1+ 47. Kh2 Qf2+ 1/2-1/2

[Event "Bohumin op 5th"]
[Site "Bohumin"]
[Date "2022.07.10"]
[Round "9"]
[White "Olsar, Jaroslav"]
[Black "Sramek, Tomas"]
[Result "1/2-1/2"]
[WhiteElo "2084"]
[BlackElo "1962"]
[PlyCount "73"]
[EventDate "2022.07.02"]
[EventType "swiss"]
[EventRounds "9"]
[EventCountry "CZE"]
[SourceTitle "CBM 209 Extra"]
[Source "ChessBase"]
[SourceDate "2022.09.30"]
[SourceVersion "1"]
[SourceVersionDate "2022.09.30"]
[SourceQuality "1"]

1. Nf3 Nf6 2. d4 c5 3. c4 cxd4 4. Nxd4 e5 5. Nb5 d5 6. cxd5 Bc5 7. N5c3 0-0 8. e3 e4 9. Be2 Bf5 10. a3 a6 11. Nd2 Re8 12. b4 Ba7 13. Nb3 Nbd7 14. g4 Rc8 15. Bb2 Bxg4 16. Bxg4 Nxg4 17. Qxg4 Ne5 18. Qe2 Nd3+ 19. Kf1 Rxc3 20. Bxc3 Qc8 21. Kg2 Qxc3 22. Nd2 Qe5 23. Rhd1 Qxd5 24. Nf1 Qg5+ 25. Ng3 f5 26. Qh5 Qxh5 27. Nxh5 Bb8 28. Ng3 Bxg3 29. hxg3 Rc8 30. Rd2 Rc3 31. Rda2 Nc1 32. Rd2 Nd3 33. Rda2 Nc1 34. Rb2 Nd3 35. Rba2 Nc1 36. Rd2 Nd3 37. Rda2 1/2-1/2

[Event "Bohumin op 5th"]
[Site "Bohumin"]
[Date "2022.07.04"]
[Round "3"]
[White "Jurok, Vojtech"]
[Black "Sramek, Tomas"]
[Result "1/2-1/2"]
[WhiteElo "1490"]
[BlackElo "1962"]
[PlyCount "104"]
[EventDate "2022.07.02"]
[EventType "swiss"]
[EventRounds "9"]
[EventCountry "CZE"]
[SourceTitle "CBM 209 Extra"]
[Source "ChessBase"]
[SourceDate "2022.09.30"]
[SourceVersion "1"]
[SourceVersionDate "2022.09.30"]
[SourceQuality "1"]

1. e4 d6 2. d4 Nf6 3. Nc3 g6 4. h3 Bg7 5. g4 c6 6. Bg2 Qc7 7. Be3 e5 8. Nge2 Nbd7 9. a4 b6 10. 0-0 Ba6 11. Qd2 0-0 12. Rad1 Rad8 13. f4 Rfe8 14. Rf2 Bxe2 15. Qxe2 exd4 16. Bxd4 Nc5 17. e5 dxe5 18. Bxe5 Qc8 19. Rxd8 Rxd8 20. Qf3 Nd5 21. Bxg7 Kxg7 22. Nxd5 cxd5 23. b3 d4 24. Bf1 d3 25. Bxd3 Nxd3 26. cxd3 Qc3 27. d4 Qxf3 28. Rxf3 Rxd4 29. Kf2 Rb4 30. Ke2 Kf6 31. Kf2 Ke6 32. Kg3 Rd4 33. f5+ Kf6 34. fxg6+ Kxg6 35. h4 h6 36. Rf4 Rd3+ 37. Rf3 Rd1 38. Kh3 Rd4 39. Kg3 Rb4 40. Kh3 Kg7 41. Kg3 Kf8 42. Kh3 Ke7 43. Kg3 Ke6 44. Kh3 Ke7 45. Kg3 Kf8 46. Kh3 Kg7 47. Kg3 Kg6 48. Kh3 f6 49. Kg3 a5 50. Kh3 h5 51. gxh5+ Kxh5 52. Kg3 Rg4+ 1/2-1/2

[Event "Bohumin op 2nd"]
[Site "Bohumin"]
[Date "2019.06.25"]
[Round "4"]
[White "Mrazek, Roman1111"]
[Black "Sramek, Tomas"]
[Result "0-1"]
[WhiteElo "1486"]
[BlackElo "1936"]
[PlyCount "62"]
[EventDate "2019.06.22"]
[EventType "swiss"]
[EventRounds "9"]
[EventCountry "CZE"]
[SourceTitle "CBM 191 Extra"]
[Source "ChessBase"]
[SourceDate "2019.09.30"]
[SourceVersion "1"]
[SourceVersionDate "2019.09.30"]
[SourceQuality "1"]

1. e4 d6 2. d4 Nf6 3. Nc3 g6 4. Nf3 Bg7 5. Be2 c6 6. 0-0 0-0 7. Re1 Nbd7 8. Be3 Qc7 9. h3 a6 10. Qd2 Re8 11. Rad1 b5 12. a3 Bb7 13. Bf1 c5 14. dxc5 Nxc5 15. Bxc5 Qxc5 16. Qe3 Qxe3 17. Rxe3 Nd7 18. Nd4 Rac8 19. g3 Nb6 20. b3 Kf8 21. Bg2 Rc5 22. Nce2 Rec8 23. c3 R5c7 24. f4 Nd7 25. Kh2 Nc5 26. Rb1 Rd8 27. g4 e5 28. fxe5 dxe5 29. Nc2 Bh6 30. g5 Bxg5 31. Rg3 Bh6 0-1

[Event "Bohumin op 2nd"]
[Site "Bohumin"]
[Date "2019.06.22"]
[Round "1"]
[White "Sramek, Tomas"]
[Black "Kotas, Marian"]
[Result "1-0"]
[WhiteElo "1936"]
[BlackElo "1334"]
[PlyCount "36"]
[EventDate "2019.06.22"]
[EventType "swiss"]
[EventRounds "9"]
[EventCountry "CZE"]
[SourceTitle "CBM 191 Extra"]
[Source "ChessBase"]
[SourceDate "2019.09.30"]
[SourceVersion "1"]
[SourceVersionDate "2019.09.30"]
[SourceQuality "1"]

1. e4 d6 2. d4 Nf6 3. Nc3 g6 4. Bc4 Bg7 5. Qe2 0-0 6. e5 dxe5 7. dxe5 Ne8 8. Bg5 Nc6 9. Rd1 Nd4 10. Qe4 c5 11. g4 Qc7 12. Nd5 Qd7 13. Nxe7+ Kh8 14. Nxc8 Rxc8 15. c3 f5 16. e6 fxe4 17. exd7 Nf3+ 18. Nxf3 Rxf3 1-0

[Event "Karvina op"]
[Site "Karvina"]
[Date "2015.06.28"]
[Round "2"]
[White "Petrov, Nikolaj"]
[Black "Sramek, Tomas"]
[Result "1/2-1/2"]
[WhiteElo "1728"]
[BlackElo "1989"]
[PlyCount "90"]
[EventDate "2015.06.27"]
[EventType "swiss"]
[EventRounds "9"]
[EventCountry "CZE"]
[SourceTitle "CBM 167 Extra"]
[Source "ChessBase"]
[SourceDate "2015.09.14"]
[SourceVersion "1"]
[SourceVersionDate "2015.09.14"]
[SourceQuality "1"]

1. e4 e5 2. Bc4 Nf6 3. d3 Bc5 4. Nf3 Nc6 5. a3 d6 6. h3 Be6 7. Nbd2 0-0 8. 0-0 Qd7 9. b4 Bb6 10. Bb5 Qe7 11. Nc4 Bxc4 12. Bxc4 Nd8 13. Bg5 Ne6 14. Bh4 h6 15. c3 g5 16. Bg3 Nf4 17. Qd2 N6h5 18. Bh2 Kh8 19. Rae1 Qf6 20. Qd1 Rg8 21. Kh1 g4 22. hxg4 Rxg4 23. g3 Ng6 24. d4 Rg8 25. Re3 Ne7 26. Be2 Qg6 27. Rg1 Nf6 28. Nh4 Qg7 29. Bxg4 Nxg4 30. Rf3 exd4 31. cxd4 Bxd4 32. Kg2 Bb6 33. Re1 Ne5 34. Nf5 Nxf5 35. Rxf5 Ng4 36. Qd5 Nxh2 37. Rxf7 Qg6 38. Qf5 Ng4 39. Qxg6 Rxg6 40. f4 Kg8 41. Rd7 Rg7 42. Rd8+ Kh7 43. Kf3 Nh2+ 44. Kg2 Ng4 45. Kf3 Nh2+ 1/2-1/2

[Event "Karvina op"]
[Site "Karvina"]
[Date "2014.07.05"]
[Round "8"]
[White "Sramek, Tomas"]
[Black "Havelka, Ondrej"]
[Result "1/2-1/2"]
[WhiteElo "1985"]
[BlackElo "1743"]
[PlyCount "49"]
[EventDate "2014.06.28"]
[EventType "swiss"]
[EventRounds "9"]
[EventCountry "CZE"]
[SourceTitle "CBM 161 Extra"]
[Source "ChessBase"]
[SourceDate "2014.08.29"]
[SourceVersion "1"]
[SourceVersionDate "2014.08.29"]
[SourceQuality "1"]

1. e4 e6 2. d4 d5 3. Nd2 dxe4 4. Nxe4 Bd7 5. Nf3 Bc6 6. Bd3 Nd7 7. Qe2 Ngf6 8. 0-0 Be7 9. Ng3 Bxf3 10. Qxf3 c6 11. Re1 0-0 12. c3 Qb6 13. a4 a5 14. Bg5 c5 15. Bb5 Qc7 16. Nf5 Bd8 17. Bf4 Qb6 18. Nd6 cxd4 19. Nc4 Qa7 20. Bd6 Re8 21. cxd4 Be7 22. Be5 Red8 23. Bc7 Rdc8 24. Bf4 Nb6 25. Nd6 1/2-1/2

[Event "Karvina op"]
[Site "Karvina"]
[Date "2014.07.04"]
[Round "7"]
[White "Zwardon, Vojtech"]
[Black "Sramek, Tomas"]
[Result "1-0"]
[WhiteElo "2399"]
[BlackElo "1985"]
[PlyCount "43"]
[EventDate "2014.06.28"]
[EventType "swiss"]
[EventRounds "9"]
[EventCountry "CZE"]
[SourceTitle "CBM 161 Extra"]
[Source "ChessBase"]
[SourceDate "2014.08.29"]
[SourceVersion "1"]
[SourceVersionDate "2014.08.29"]
[SourceQuality "1"]

1. c4 Nf6 2. Nc3 e6 3. e4 d5 4. e5 Nfd7 5. cxd5 Nxe5 6. d4 Ng6 7. Bb5+ c6 8. dxc6 bxc6 9. Be2 Be7 10. Nf3 0-0 11. h4 c5 12. h5 cxd4 13. hxg6 dxc3 14. gxf7+ Rxf7 15. Bd3 g6 16. Be4 cxb2 17. Bxb2 Qa5+ 18. Kf1 Bb7 19. Bxg6 Rxf3 20. Bxh7+ Kf8 21. gxf3 Qb5+ 22. Qe2 1-0

[Event "Karvina op"]
[Site "Karvina"]
[Date "2014.07.03"]
[Round "6"]
[White "Talla, Vladimir"]
[Black "Sramek, Tomas"]
[Result "1-0"]
[WhiteElo "2421"]
[BlackElo "1985"]
[PlyCount "69"]
[EventDate "2014.06.28"]
[EventType "swiss"]
[EventRounds "9"]
[EventCountry "CZE"]
[SourceTitle "CBM 161 Extra"]
[Source "ChessBase"]
[SourceDate "2014.08.29"]
[SourceVersion "1"]
[SourceVersionDate "2014.08.29"]
[SourceQuality "1"]

1. d4 Nf6 2. c4 c5 3. d5 b5 4. cxb5 a6 5. f3 e6 6. e4 exd5 7. e5 Qe7 8. Qe2 Ng8 9. Nc3 Bb7 10. Nh3 f6 11. Nf4 fxe5 12. Nfxd5 Qd6 13. Bf4 Bxd5 14. Bxe5 Bxf3 15. gxf3 Qe6 16. Bh3 Qxh3 17. Bxg7+ Ne7 18. Bxh8 axb5 19. Nxb5 Ra4 20. 0-0-0 Bh6+ 21. Kb1 Nbc6 22. Nd6+ Kf8 23. Bc3 Bf4 24. Rhg1 Nd4 25. Bxd4 cxd4 26. Qb5 Ra8 27. Qc5 Qe6 28. Qxd4 Qxa2+ 29. Kc2 Qa4+ 30. Qxa4 Rxa4 31. Ne4 d5 32. Nc3 Ra5 33. b4 Ra7 34. Nxd5 Bxh2 35. Rge1 1-0

[Event "Orlova op 10th"]
[Site "Orlova"]
[Date "2013.05.16"]
[Round "4"]
[White "Kubosova, Jana"]
[Black "Sramek, Tomas"]
[Result "1/2-1/2"]
[WhiteElo "1644"]
[BlackElo "1947"]
[PlyCount "44"]
[EventDate "2013.05.13"]
[EventType "swiss"]
[EventRounds "9"]
[EventCountry "CZE"]
[SourceTitle "CBM 154 Extra"]
[Source "ChessBase"]
[SourceDate "2013.06.25"]
[SourceVersion "2"]
[SourceVersionDate "2013.06.25"]
[SourceQuality "1"]

1. d4 Nf6 2. Nf3 g6 3. Bf4 Bg7 4. e3 d6 5. c3 Nbd7 6. Nbd2 0-0 7. Be2 c5 8. h3 b6 9. 0-0 Bb7 10. Rc1 Rc8 11. Qa4 Bc6 12. Bb5 Qc7 13. b4 Bxb5 14. Qxb5 cxb4 15. cxb4 Qb7 16. a3 a6 17. Qd3 b5 18. Nb3 Rxc1 19. Rxc1 Rc8 20. Rc2 Rxc2 21. Qxc2 Nd5 22. Bh2 Qc7 1/2-1/2